000 00712cam a22002293a 4500
001 9071
003 PGUSA
005 20140828083208.0
008 051001s2005||||xxu|||||s|||||000 | eng d
040 _aPGUSA
_beng
042 _adc
050 4 _aBV
100 1 _aParsons, John Denham
245 1 4 _aThe Non-Christian Cross :
_bAn Enquiry into the Origin and History of the Symbol Eventually Adopted as That of Our Religion
_h[electronic resource] /
_cJohn Denham Parsons
260 _bProject Gutenberg,
_c2005
506 _aPublic domain in the USA.
516 _aElectronic text
653 _aCrosses
830 0 _aProject Gutenberg
_v9071
856 4 0 _uhttp://www.gutenberg.org/ebooks/9071
942 _cEB
999 _c238355
_d238355